Central Library OPAC University of Rajshahi

Energy, society and environment : (Record no. 58922)

MARC details
000 -LEADER
fixed length control field 01003nam a2200301 a 4500
001 - CONTROL NUMBER
control field 58922
003 - CONTROL NUMBER IDENTIFIER
rucl marc code BD-RjUL
005 - DATE AND TIME OF LATEST TRANSACTION
control field 20211209080654.0
008 - FIXED-LENGTH DATA ELEMENTS--GENERAL INFORMATION
fixed length control field 161220r19982003enka 001 0 eng d
020 ## - INTERNATIONAL STANDARD BOOK NUMBER
International Standard Book Number 0415304857
International Standard Book Number 0415304865 (pbk.)
035 ## - SYSTEM CONTROL NUMBER
System control number (BD-RjUL)59046
040 ## - CATALOGING SOURCE
Original cataloging agency BDS
Language of cataloging eng
Transcribing agency BD-RjUL
Modifying agency BD-RjUL
041 ## - LANGUAGE CODE
Language code of text/sound track or separate title eng
082 0# - DEWEY DECIMAL CLASSIFICATION NUMBER
Classification number 333.79
Edition number 23
Author mark and year ELE 2003
100 1# - MAIN ENTRY--PERSONAL NAME
Personal name Elliott, David,
Dates associated with a name 1943-
9 (RLIN) 175204
245 10 - TITLE STATEMENT
Title Energy, society and environment :
Remainder of title technology for a sustainable future /
Statement of responsibility, etc. David Elliott.
250 ## - EDITION STATEMENT
Edition statement 2nd ed.
260 ## - PUBLICATION, DISTRIBUTION, ETC. (IMPRINT)
Place of publication, distribution, etc. London :
Name of publisher, distributor, etc. Routledge,
Date of publication, distribution, etc. 2003.
300 ## - PHYSICAL DESCRIPTION
Pagination xxx, 346 p. :
Illustrations ill. ;
Size 24 cm.
490 ## - SERIES STATEMENT
Series statement Routledge introductions to environment series
504 ## - BIBLIOGRAPHY, ETC. NOTE
Bibliography, etc Includes bibliographic references and index.
650 #0 - SUBJECT ADDED ENTRY--TOPICAL TERM
Topical term or geographic name as entry element Energy consumption.
9 (RLIN) 175205
Topical term or geographic name as entry element Energy conservation.
9 (RLIN) 175206
Topical term or geographic name as entry element Power resources
General subdivision Environmental aspects.
9 (RLIN) 175207
830 #0 - SERIES ADDED ENTRY--UNIFORM TITLE
Uniform title Routledge introductions to environment series
942 ## - ADDED ENTRY ELEMENTS (KOHA)
Source of classification or shelving scheme Dewey Decimal Classification
Koha item type Books
Holdings
Lost status Source of classification or shelving scheme Damaged status Not for loan Collection code Permanent Location Current Location Shelving location Date acquired Source of acquisition Cost, normal purchase price Total Checkouts Full call number Date last seen Copy number Koha item type
  Dewey Decimal Classification   Not For Loan Non-fiction Central Library, University of Rajshahi Central Library, University of Rajshahi Reading Room 13/04/2006 Paragon Enterprises Dhaka 19.99   333.79 ELE 2003 20/12/2016 C-1 Books